| 000 | 00934nam a2200217Ii 4500 | ||
|---|---|---|---|
| 003 | JO-AjNU | ||
| 008 | 230605s9999||||xx |||||||||||||| ||und|| | ||
| 017 | _a2010/19565 | ||
| 020 | _a978-977-350-343-3 | ||
| 040 |
_aJO-AjNU _bara _erda _cJO-AjNU |
||
| 041 | _aara | ||
| 050 | 1 | 4 | _aBP144 2011 |
| 100 | 3 |
_aاعداد خليفة، محمود عبد العزيز محمود, _eauthor _944325 |
|
| 245 | 0 | 0 | _aفقه الأحوال الشخصية في الشريعة الإسلامية: دراسة مقارنة مع القانون الفرنسي والقانون الإنجليزي(الزواج-الطلاق-رعايةالأطفال-الميراث) |
| 264 | 3 | 1 | _aالقاهرة: دار الكتاب الحديث، 2011 |
| 300 | _a329ص | ||
| 336 |
_atext _btxt _2rdacontent |
||
| 337 |
_aunmediated _bn _2rdamedia |
||
| 338 |
_avolume _bnc _2rdacarrier |
||
| 650 | 4 |
_aالاحوال الشخصية- الفقه الاسلامي _944326 |
|
| 999 |
_aA19129 _c22697 _d22697 |
||